Hank Williams Jr Songs - Statistics

General Stats
  • This quiz has been taken 66 times
  • The average score is 3 of 10
Answer Stats
Hint Answer % Correct
1 Family Tradition
88%
9 A Country Boy Can Survive
60%
2 Whiskey Bent And Hell Bound
35%
10 All My Rowdy Friends (Have Settled Down)
33%
5 Kaw-Liga
17%
7 Texas Women
13%
6 Dixie On My Mind
12%
4 Old Habits
8%
3 Women I've Never Had
8%
8 The American Dream
6%
No matching quizzes found
Score Distribution
Percent of People with Each Score
Percentile by Number Answered
Your Score History
You have not taken this quiz